000 00466nam a22001697a 4500
008 180903b xxu||||| |||| 00| | tur d
020 _a9789944889919
041 _atur
050 _aPL248.T63
100 _aTosuner, Necati
_91014
245 _aYalnızlıktan Devren Kiralık
250 _a1. Baskı
260 _aİstanbul
_bTürkiye İş Bankası Kültür Yayınları
_cEylül 2010
300 _a275 Sayfa
650 0 _9145
_aTürk Edebiyatı
942 _2lcc
_cBK
999 _c2541
_d2498